000 00608nam a2200241Ia 4500
003 OSt
005 20221005133016.0
006 a|||||r|||| 00| 0
007 ta
008 221004b |||||||| |||| 00| 0 tam d
024 _a45524
037 _cTextual
040 _aCRL
_cCRL
_btam
041 _2tam
_atam
082 _aJ3, 31L8
100 _aRamasubramantan Au.
_9641932
245 0 _aVeetil Kaikari thottam poduvathu eppadi
260 _c1978
300 _a70p.
_ccm.
650 _aAGRICULTURE
942 _hJ3, 31L8
_cTEXL
_2cc
999 _c1065455
_d1065455